| 000 | 00720nam a2200241Ia 4500 | ||
|---|---|---|---|
| 003 | OSt | ||
| 005 | 20221005070109.0 | ||
| 006 | a|||||r|||| 00| 0 | ||
| 007 | ta | ||
| 008 | 221004b |||||||| |||| 00| 0 eng d | ||
| 024 | _a51326 | ||
| 037 | _cTextual | ||
| 040 |
_aCRL _cCRL _beng |
||
| 041 |
_2eng _aeng |
||
| 082 | _aQ4.1, N6 | ||
| 100 |
_aSankarnarayan Kalpakam and others Ed. _9605303 |
||
| 245 | 0 |
_aBuddhism in India and abroad _b An integrating influence in vedic and post-vedic perspective |
|
| 260 |
_aMumbai _bSamaiya _c1996 |
||
| 300 |
_a372p. illus. _ccm. |
||
| 650 | _aRELIGION | ||
| 942 |
_hQ4.1, N6 _cTEXL _2cc |
||
| 999 |
_c975667 _d975667 |
||